00381nam a2200157Ia 4500001000500000005001700005008004100022041000800063082001300071100003700084245004900121260000900170300002800179650000800207654000800215986720260306161750.0260306t1987||||xx |||||||||||||| ||spa|| aESP a808bS42 aSerrano Cantarín, RamóneAUT 0aLa teoría clásica del estilo periódico c1987 a170 páginas :c24 cm. aGEN aCHU